50 largest cities in the Benelux on a map. - Statistics

General Stats
  • This quiz has been taken 20 times
  • The average score is 24 of 50
Answers on the Map
Answers color-coded by a green-red scale on the quiz's map according to % correct below.
 
Answer Stats
city % Correct
Amsterdam
100%
Antwerp
100%
Brussels
100%
Luxembourg city
100%
Rotterdam
95%
The Hague
95%
Bruges
84%
Groningen
84%
Ghent
79%
Liège
79%
Utrecht
79%
Eindhoven
74%
Charleroi
68%
Maastricht
68%
Nijmegen
68%
Haarlem
58%
Tilburg
58%
Zwolle
58%
Arnhem
53%
Breda
53%
Leiden
53%
Alkmaar
47%
Almere
47%
Enschede
47%
Leuven
47%
Dordrecht
42%
Venlo
42%
Anderlecht
37%
Namur
37%
‘S hertogenbosch
37%
Apeldoorn
32%
Delft
32%
Emmen
32%
Leeuwarden
32%
Mechelen
32%
Mons
32%
Amersfoort
26%
Deventer
21%
Hilversum
21%
Oss
21%
Zaanstad
21%
Aalst
16%
Amstelveen
16%
Ede
16%
Hoofddorp
16%
Zoetermeer
16%
Helmond
11%
Schaerbeek
11%
Sint-Jans-Molenbeek
0%
Sittard-geleen
0%
No matching quizzes found
Score Distribution
Percent of People with Each Score
Percentile by Number Answered
Your Score History
You have not taken this quiz